|
|
|
|
| LEADER |
00000nam0a2200000 4500 |
| 001 |
279668 |
| 005 |
20231101235230.0 |
| 020 |
|
|
|a RU
|b 86-63513
|
| 035 |
|
|
|a (RuTPU)RU\TPU\book\302973
|
| 090 |
|
|
|a 279668
|
| 100 |
|
|
|a 20141222d1986 km y0rusy5003 ca
|
| 101 |
0 |
|
|a rus
|
| 102 |
|
|
|a RU
|
| 105 |
|
|
|a y z 001zy
|
| 200 |
1 |
|
|a Химия кислородных соединений галогенов
|f И. В. Никитин
|g Академия наук СССР (АН СССР), Институт новых химических проблем
|
| 210 |
|
|
|a Москва
|c Наука
|d 1986
|
| 215 |
|
|
|a 104 с.
|
| 320 |
|
|
|a Библиогр. в конце глав
|
| 606 |
1 |
|
|a Галогены, оксиды
|x Химия
|2 stltpush
|3 (RuTPU)RU\TPU\subj\74949
|9 86859
|
| 610 |
1 |
|
|a кислородные соединения
|
| 610 |
1 |
|
|a фториды кислорода
|
| 610 |
1 |
|
|a диоксидифториды
|
| 610 |
1 |
|
|a окислы
|
| 610 |
1 |
|
|a хлор
|
| 610 |
1 |
|
|a бром
|
| 610 |
1 |
|
|a йод
|
| 675 |
|
|
|a 546.12
|z rus
|v 4
|
| 700 |
|
1 |
|a Никитин
|b И. В.
|g Игорь Васильевич
|4 070
|
| 712 |
0 |
2 |
|a Академия наук СССР (АН СССР)
|b Институт новых химических проблем
|2 stltpush
|3 (RuTPU)RU\TPU\col\7602
|
| 801 |
|
0 |
|a RU
|b RuMRKP
|c 19950704
|g psbo
|
| 801 |
|
1 |
|a RU
|b 63413507
|c 20141222
|
| 801 |
|
2 |
|a RU
|b 63413507
|c 20180202
|g RCR
|
| 942 |
|
|
|c BK
|